Механизмы в современной технике. Т. 2: Кулисно-рычажные и кривошипно-ползунные механизмы (Запись № 5238550)

Подробности
000 -МАРКЕР
контрольное поле 01423nam2a22002411 4500
001 - ИДЕНТИФИКАТОР ЗАПИСИ
контрольное поле rc\2121890
005 - ИДЕНТИФИКАТОР ВЕРСИИ
контрольное поле 20250623091952.0
035 ## - ДРУГИЕ СИСТЕМНЫЕ НОМЕРА
Идентификатор записи (NLR Aleph) 006700443
100 ## - ДАННЫЕ ОБЩЕЙ ОБРАБОТКИ
Данные общей обработки 20110829d1979 |||y0rusy50 ca
101 0# - ЯЗЫК РЕСУРСА
Язык текста, звукозаписи и т.д. русский
102 ## - СТРАНА ПУБЛИКАЦИИ ИЛИ ПРОИЗВОДСТВА
Страна публикации Российская Федерация
105 ## - ПОЛЕ КОДИРОВАННЫХ ДАННЫХ: ТЕКСТОВЫЕ МАТЕРИАЛЫ, МОНОГРАФИЧЕСКИЕ
Кодированные данные о монографическом текстовом документе a z |||||
200 1# - ЗАГЛАВИЕ И СВЕДЕНИЯ ОБ ОТВЕТСТВЕННОСТИ
Основное заглавие Кулисно-рычажные и кривошипно-ползунные механизмы
210 ## - ПУБЛИКАЦИЯ, РАСПРОСТРАНЕНИЕ И ДР.
Дата издания, распространения и т.д. 1979
Место издания, распространения и т.д. Б. м.
215 ## - ФИЗИЧЕСКАЯ ХАРАКТЕРИСТИКА
Специфическое обозначение материала и объем 559 с.
Другие сведения о физической характеристике ил.
320 ## - ПРИМЕЧАНИЯ О НАЛИЧИИ В ДОКУМЕНТЕ БИБЛИОГРАФИИ / УКАЗАТЕЛЯ
Текст примечания Указ. механизмов по структурно-конструктив. признакам, механизмов по функцион. назначению: с. 7—10, предм.: с. 554—559
461 #0 - УРОВЕНЬ НАБОРА
Встроенное поле 001rc\2121888
-- 2001#$aМеханизмы в современной технике$eСправ. пособие для инженеров, конструкторов и изобретателей$eВ 7 т.$vТ. 2
-- 700#1$aАртоболевский$bИ.И.$f1905-1977$gИван Иванович
Системный номер (АБИС) связанной записи 5238531
Автор Артоболевский, И.И. (1905-1977)
Место публикации Москва
Дата публикации 1979-
Издание 2-е изд., перераб.
Имя издателя, распространителя и т.д. Наука
Сведения, относящиеся к заглавию Справ. пособие для инженеров, конструкторов и изобретателей : В 7 т.
Заглавие Механизмы в современной технике
Номер тома Т. 2
801 #0 - ИСТОЧНИК ЗАПИСИ
Страна Российская Федерация
Организация NLR
Правила каталогизации psbo
801 #1 - ИСТОЧНИК ЗАПИСИ
Страна Российская Федерация
Организация ELAR
Источник данных rusmarc
852 ## - МЕСТОНАХОЖДЕНИЕ И ШИФР ХРАНЕНИЯ
Идентификатор организации NLR
Шифр хранения (Call Number) 79-3/10295
942 ## - ДОПОЛНИТЕЛЬНЫЕ ЭЛЕМЕНТЫ ЗАПИСИ (АБИС)
Тип экземпляра АБИС Книга
980 ## - КОЛЛЕКЦИЯ
Название коллекции Национальная библиография
Экземпляры
Тип экземпляра Дата поступления Библиотека постоянного хранения Библиотека текущего хранения Место хранения Шифр хранения Штрих-код Статус экземпляра Источник поступления Стоимость
Книга 26.10.2013 РНБ (Московский) РНБ (Московский) Русский книжный фонд: издания с 1957 года 79-3/10295 6700443-10      
Книга 15.03.2014 РНБ (Московский) РНБ (Московский) Фонд научного зала литературы по технике Нз К412/А-864 1-343625   Покупка 2.10